[Event "53rd World U20 ch"]
[Site "Pune IND"]
[Date "2014.10.08"]
[Round "3.4"]
[White "Kovalev, Vladislav"]
[Black "Kantans, Toms"]
[Result "1-0"]
[WhiteElo "2548"]
[BlackElo "2485"]
[EventDate "2014.10.06"]
[PlyCount "45"]

1.e4 c5 2.Nf3 Nf6 3.e5 Nd5 4.Nc3 e6 5.Nxd5 exd5 6.d4 Nc6 7.dxc5 Bxc5 8.
Qxd5 d6 9.exd6 Qb6 10.Qe4+ Be6 11.Bc4 Bxf2+ 12.Kd1 O-O-O 13.Bxe6+ fxe6 14.
c3 Bc5 15.Kc2 Bxd6 16.Re1 Qc7 17.Qxe6+ Kb8 18.Bg5 Nb4+ 19.Kb1 Nd3 20.Bxd8 
Rxd8 21.Rd1 Nf4 22.Qe4 Qf7 23.Ne5 1-0

[Event "53rd World U20 ch"]
[Site "Pune IND"]
[Date "2014.10.08"]
[Round "3.5"]
[White "Lu Shanglei"]
[Black "Gagare, Shardul"]
[Result "1-0"]
[WhiteElo "2533"]
[BlackElo "2419"]
[EventDate "2014.10.06"]
[PlyCount "75"]

1.e4 c6 2.Nc3 d5 3.d4 g6 4.Nf3 Bg7 5.h3 dxe4 6.Nxe4 Nd7 7.Bc4 Ngf6 8.Nxf6+
Nxf6 9.O-O O-O 10.Re1 Qc7 11.Ne5 Nd5 12.Bb3 b5 13.c3 a5 14.a4 Bb7 15.Bxd5 
cxd5 16.axb5 f6 17.b6 Qd6 18.Nd3 e5 19.Nc5 Rf7 20.Qb3 Qc6 21.Be3 e4 22.Ra4
f5 23.c4 f4 24.cxd5 Qc8 25.d6 fxe3 26.fxe3 Qf5 27.Nxb7 Qf2+ 28.Kh2 Qxe1 
29.d7 Bf6 30.Nd6 Rf8 31.Ra1 Qxa1 32.Nxf7 Qe1 33.b7 a4 34.Qe6 Bh4 35.Nd8+ 
Kg7 36.b8=Q Bf2 37.Qe7+ Kg8 38.Qf7+ 1-0

[Event "53rd World U20 ch"]
[Site "Pune IND"]
[Date "2014.10.08"]
[Round "3.6"]
[White "Antipov, Mikhail"]
[Black "Gahwiler, Gabriel"]
[Result "1/2-1/2"]
[WhiteElo "2524"]
[BlackElo "2360"]
[EventDate "2014.10.06"]
[PlyCount "62"]

1.e4 c5 2.Nf3 d6 3.d4 cxd4 4.Nxd4 Nf6 5.Nc3 Nc6 6.Bg5 g6 7.Bc4 Bg7 8.Nxc6 
bxc6 9.O-O O-O 10.Qd2 Rb8 11.Rab1 Qc7 12.f4 d5 13.Bxf6 Bxf6 14.e5 Bg7 15.
Bd3 f6 16.exf6 Bxf6 17.b4 Bd7 18.Na4 e5 19.Nc5 exf4 20.Qxf4 Qxf4 21.Rxf4 
Bc8 22.Rbf1 Be7 23.Rxf8+ Bxf8 24.a3 a5 25.Rf6 axb4 26.axb4 Rxb4 27.Rxc6 
Bb7 28.Nxb7 Rxb7 29.Rc8 Kg7 30.Rd8 Bc5+ 31.Kf1 Rf7+ 1/2-1/2

[Event "53rd World U20 ch"]
[Site "Pune IND"]
[Date "2014.10.08"]
[Round "3.7"]
[White "Das, Sayantan"]
[Black "Idani, Pouya"]
[Result "0-1"]
[WhiteElo "2456"]
[BlackElo "2517"]
[EventDate "2014.10.06"]
[PlyCount "62"]

1.e4 c5 2.Nf3 d6 3.d4 cxd4 4.Nxd4 Nf6 5.Nc3 a6 6.Bg5 Nbd7 7.Qe2 h6 8.Bh4 
b5 9.O-O-O Bb7 10.f4 g5 11.fxg5 hxg5 12.Bxg5 e6 13.a3 Rc8 14.Bd2 Nc5 15.
Bg5 Ncd7 16.Bd2 Qb6 17.Nf3 b4 18.axb4 Qxb4 19.e5 dxe5 20.Nxe5 Qa5 21.Nxd7 
Qa1+ 22.Nb1 Nxd7 23.Qe1 Bg7 24.Bc3 Rxc3 25.bxc3 Rh5 26.Bd3 Bh6+ 27.Rd2 Nc5
28.c4 Na4 29.Qg3 Qb2+ 30.Kd1 Re5 31.Qg8+ Ke7 0-1

[Event "53rd World U20 ch"]
[Site "Pune IND"]
[Date "2014.10.08"]
[Round "3.8"]
[White "Rajpara, Ankit"]
[Black "Arat, Ufuk Sezen"]
[Result "1/2-1/2"]
[WhiteElo "2508"]
[BlackElo "2357"]
[EventDate "2014.10.06"]
[PlyCount "182"]

1.e4 c6 2.d4 d5 3.e5 c5 4.c3 Nc6 5.Be2 Nh6 6.Bxh6 gxh6 7.Nf3 Rg8 8.g3 Bg4 
9.dxc5 e6 10.Nd4 Bxe2 11.Qxe2 Bxc5 12.Nb3 Bb6 13.Na3 a6 14.Nc2 h5 15.O-O-O
h4 16.c4 hxg3 17.hxg3 Qg5+ 18.Kb1 Qxe5 19.Qxe5 Nxe5 20.cxd5 O-O-O 21.dxe6 
Rxd1+ 22.Rxd1 fxe6 23.Ncd4 Ng4 24.f3 Ne3 25.Rc1+ Kb8 26.g4 e5 27.Ne6 e4 
28.fxe4 Rxg4 29.e5 Nc4 30.Nf8 Be3 31.Re1 h5 32.e6 Rg1 33.Rxg1 Bxg1 34.e7 
Nd6 35.Nd7+ Kc7 36.Nf6 h4 37.Nd2 h3 38.Nde4 Ne8 39.Nxe8+ Kd7 40.N8f6+ Kxe7
41.Ng4 h2 42.Ng3 Kf7 43.Kc2 Kg6 44.Kd3 Kg5 45.Nxh2 Bxh2 46.Ne4+ Kf5 47.Nc5
Ke5 48.Kc4 Kd6 49.Nxb7+ Kc6 50.Nc5 Kb6 51.b4 Bg3 52.Nd3 Bh4 53.a4 Bg5 54.
Nc5 Bd2 55.Nd7+ Kc6 56.Nc5 Kb6 57.Ne4 Be1 58.a5+ Ka7 59.Nc5 Bd2 60.Nb3 Be1
61.Nc1 Kb7 62.Nd3 Bd2 63.Nf2 Be1 64.Ne4 Ka7 65.Nd6 Bd2 66.Kc5 Be1 67.Nf5 
Kb7 68.Ne7 Bf2+ 69.Kd6 Bg3+ 70.Kd7 Be1 71.Nc6 Bd2 72.Nd8+ Ka8 73.Nc6 Kb7 
74.Kd6 Bf4+ 75.Kc5 Be3+ 76.Kd5 Bd2 77.Nd8+ Kc8 78.Nc6 Kb7 79.Kd6 Bf4+ 80.
Ne5 Bd2 81.Nd3 Bc3 82.Kd5 Bd2 83.Kc4 Ka7 84.Kc5 Kb7 85.Kd5 Bc3 86.Kc4 Bd2 
87.Ne5 Be1 88.Nf7 Bd2 89.Nd6+ Ka7 90.b5 axb5+ 91.Kxb5 Bxa5 1/2-1/2

[Event "53rd World U20 ch"]
[Site "Pune IND"]
[Date "2014.10.08"]
[Round "3.9"]
[White "Sunilduth Lyna, Narayanan"]
[Black "Van Kampen, Robin"]
[Result "1/2-1/2"]
[WhiteElo "2420"]
[BlackElo "2641"]
[EventDate "2014.10.06"]
[PlyCount "61"]

1.d4 Nf6 2.c4 e6 3.Nf3 d5 4.Nc3 Bb4 5.cxd5 exd5 6.Bg5 Nbd7 7.e3 h6 8.Bh4 
g5 9.Bg3 Ne4 10.Nd2 Nxg3 11.hxg3 Nb6 12.Qc2 Be6 13.Bd3 c6 14.O-O-O Qf6 15.
f4 O-O-O 16.Nf3 Bg4 17.Ne2 gxf4 18.Ne5 Bxe2 19.Qxe2 Nd7 20.gxf4 Nxe5 21.
dxe5 Qe7 22.Rh5 Kb8 23.Rdh1 c5 24.Rxh6 Rxh6 25.Rxh6 c4 26.Bc2 c3 27.Kb1 
cxb2 28.Qd3 Ba5 29.Rd6 Rxd6 30.exd6 Qxd6 31.Kxb2 1/2-1/2

[Event "53rd World U20 ch"]
[Site "Pune IND"]
[Date "2014.10.08"]
[Round "3.10"]
[White "Fedoseev, Vladimir"]
[Black "Sidhant, Mohapatra"]
[Result "1-0"]
[WhiteElo "2661"]
[BlackElo "2382"]
[EventDate "2014.10.06"]
[PlyCount "57"]

1.d4 d5 2.c4 c6 3.Nf3 Nf6 4.e3 e6 5.b3 Nbd7 6.Bd3 Bd6 7.Bb2 b6 8.O-O Bb7 
9.Nc3 O-O 10.Qc2 Rc8 11.e4 e5 12.exd5 exd4 13.dxc6 Bxc6 14.Nxd4 Ng4 15.
Bxh7+ Kh8 16.h3 Bxg2 17.Ncb5 Qh4 18.Kxg2 Qg5 19.Kh1 Qh4 20.Qc3 Be5 21.Bf5 
Nxf2+ 22.Kg2 Qg5+ 23.Kxf2 Rc6 24.Rg1 Qh4+ 25.Ke2 Re8 26.Qe3 Nf6 27.Nf3 Qh5
28.Bxe5 Qxf5 29.Nbd4 1-0

[Event "53rd World U20 ch"]
[Site "Pune IND"]
[Date "2014.10.08"]
[Round "3.11"]
[White "Bai Jinshi"]
[Black "Duda, Jan-Krzysztof"]
[Result "1/2-1/2"]
[WhiteElo "2406"]
[BlackElo "2599"]
[EventDate "2014.10.06"]
[PlyCount "106"]

1.d4 Nf6 2.c4 e6 3.g3 d5 4.Bg2 dxc4 5.Nf3 a6 6.O-O Nc6 7.Bg5 Be7 8.e3 Bd7 
9.Qe2 Nd5 10.Bxe7 Ncxe7 11.Ne5 b5 12.b3 cxb3 13.axb3 O-O 14.Rc1 a5 15.Nd2 
Ng6 16.Nxd7 Qxd7 17.Ne4 c6 18.Nc5 Qc7 19.Nd3 Qb6 20.Be4 Rfc8 21.h4 Nf8 22.
Nc5 Ra7 23.Qd2 Nf6 24.Bf3 N8d7 25.Qc3 h6 26.Ra2 Nxc5 27.Qxc5 Qxc5 28.Rxc5 
Ra6 29.Rac2 a4 30.bxa4 bxa4 31.Be2 Ra7 32.R5c3 Nd5 33.Ra3 Kf8 34.Rc4 Rb8 
35.Bf3 Rb1+ 36.Kg2 Nb4 37.Bxc6 Nxc6 38.Rxc6 Rb4 39.Kf3 Ke7 40.Ke4 Kd7 41.
Rc5 Kd6 42.Kd3 Rb2 43.Rc4 Rxf2 44.Rcxa4 Rxa4 45.Rxa4 g5 46.hxg5 hxg5 47.g4
Ke7 48.Ke4 Kf6 49.Ra6 Kg7 50.Ra5 Kg6 51.Ra6 Kf6 52.d5 Rd2 53.dxe6 fxe6 
1/2-1/2

[Event "53rd World U20 ch"]
[Site "Pune IND"]
[Date "2014.10.08"]
[Round "3.12"]
[White "Deac, Bogdan-Daniel"]
[Black "Grigorian, Karen H."]
[Result "0-1"]
[WhiteElo "2402"]
[BlackElo "2591"]
[EventDate "2014.10.06"]
[PlyCount "194"]

1.d4 Nf6 2.c4 c5 3.d5 e6 4.Nc3 exd5 5.cxd5 d6 6.Nf3 g6 7.g3 Bg7 8.Bg2 O-O 
9.O-O a6 10.a4 Nbd7 11.Nd2 Re8 12.a5 b5 13.axb6 Nxb6 14.Nb3 Nc4 15.Ra4 Ne5
16.Na5 Bd7 17.Nc6 Qb6 18.b4 Nxc6 19.dxc6 Bxc6 20.Qxd6 Re6 21.bxc5 Rxd6 22.
cxb6 Bxg2 23.Kxg2 Rxb6 24.Be3 Rc6 25.Bd4 Rd8 26.Rb1 Ne8 27.Bxg7 Kxg7 28.
Ne4 Nc7 29.Rb2 Nb5 30.Ng5 Nc3 31.Ra5 Rd5 32.Rxd5 Nxd5 33.e4 Nb6 34.Nf3 Nc4
35.Ra2 a5 36.Nd4 Rb6 37.Rc2 Nb2 38.Rc7 Nd3 39.Ra7 Rb2 40.Rxa5 Nxf2 41.Kf3 
Nd1 42.Ne2 Rb3+ 43.Kg2 Re3 44.Nf4 Rxe4 45.Ra2 g5 46.Rd2 Nc3 47.Nd5 Nb5 48.
Rf2 Nd4 49.Nf6 Re6 50.Nh5+ Kg6 51.g4 f5 52.gxf5+ Nxf5 53.Ng3 Ne3+ 54.Kg1 
Nd5 55.h4 gxh4 56.Ne2 Re4 57.Kh2 Kg5 58.Ng1 Ne3 59.Nh3+ Kh5 60.Rf3 Re5 61.
Nf2 Kg5 62.Nh3+ Kg6 63.Nf4+ Kh6 64.Kh3 Kg5 65.Nd3 Re7 66.Nf2 h5 67.Kh2 Nf5
68.Nh3+ Kf6 69.Nf4 Re4 70.Rf2 Kg5 71.Nh3+ Kg6 72.Nf4+ Kh6 73.Nh3 Ne3 74.
Rf6+ Kg7 75.Rf3 Ng4+ 76.Kg2 Re2+ 77.Kg1 Rd2 78.Nf4 Kh6 79.Nh3 Kg6 80.Nf2 
Ra2 81.Nh3 Ne5 82.Rb3 Kf5 83.Nf2 Rc2 84.Ra3 Nc4 85.Rf3+ Kg5 86.Rd3 Kg6 87.
Nh3 Kf5 88.Nf2 Kf4 89.Rh3 Ne5 90.Rxh4+ Ng4 91.Nh1 Rc5 92.Kg2 Rb5 93.Kg1 
Rb2 94.Rxh5 Ne3 95.Rh4+ Kg5 96.Rh2 Rb1+ 97.Kf2 Ng4+ 0-1

[Event "53rd World U20 ch"]
[Site "Pune IND"]
[Date "2014.10.08"]
[Round "3.13"]
[White "Prince, Bajaj"]
[Black "Oparin, Grigory"]
[Result "1/2-1/2"]
[WhiteElo "2369"]
[BlackElo "2552"]
[EventDate "2014.10.06"]
[PlyCount "63"]

1.e4 c5 2.Nf3 d6 3.d4 cxd4 4.Nxd4 Nf6 5.Nc3 Nc6 6.Be2 e5 7.Nf3 h6 8.O-O 
Be7 9.Re1 O-O 10.h3 Be6 11.Bf1 Qa5 12.Bd2 Qd8 13.Bc1 Nb8 14.b3 Nbd7 15.Bb2
a6 16.a4 Rc8 17.Nd2 Qa5 18.Nc4 Bxc4 19.Bxc4 Nb6 20.Bf1 Rxc3 21.Qd2 Rfc8 
22.Re3 Nxe4 23.Rxe4 Qd5 24.Qxd5 Nxd5 25.Bxc3 Nxc3 26.Rc4 Rxc4 27.bxc4 Ne4 
28.Rb1 Nc5 29.g4 g6 30.Bg2 e4 31.f3 Bf6 32.fxe4 1/2-1/2

[Event "53rd World U20 ch"]
[Site "Pune IND"]
[Date "2014.10.08"]
[Round "3.14"]
[White "Von Meijenfeldt, Bart"]
[Black "Dragun, Kamil"]
[Result "0-1"]
[WhiteElo "2354"]
[BlackElo "2546"]
[EventDate "2014.10.06"]
[PlyCount "86"]

1.Nf3 d5 2.g3 Nc6 3.d4 Bg4 4.Bg2 Qd7 5.O-O O-O-O 6.c4 dxc4 7.Qa4 Kb8 8.Be3
Nxd4 9.Qxd7 Nxf3+ 10.Bxf3 Bxd7 11.Na3 g6 12.Rfd1 Nh6 13.Nxc4 Bg7 14.Rd3 
Be6 15.Rb3 Bd5 16.Na5 b6 17.Bxd5 Rxd5 18.Nc6+ Kb7 19.Rc1 Ng4 20.Nxe7 Rd6 
21.Bf4 Be5 22.Bxe5 Nxe5 23.Rbc3 c5 24.e4 Nd3 25.Rd1 Rhd8 26.Nd5 Nb4 27.Re3
f5 28.a3 Nc2 29.Rc3 fxe4 30.Rxc2 Rxd5 31.Rxd5 Rxd5 32.Re2 Rd4 33.Kg2 Kc6 
34.f3 Kd5 35.fxe4+ Rxe4 36.Rd2+ Kc4 37.Kf3 Rd4 38.Re2 Kb3 39.Re7 Kxb2 40.
Rxh7 c4 41.Rg7 c3 42.Rxg6 c2 43.Rc6 Rd3+ 0-1

[Event "53rd World U20 ch"]
[Site "Pune IND"]
[Date "2014.10.08"]
[Round "3.15"]
[White "Kozganbay, Erkin"]
[Black "Abasov, Nijat"]
[Result "1/2-1/2"]
[WhiteElo "2328"]
[BlackElo "2528"]
[EventDate "2014.10.06"]
[PlyCount "80"]

1.e4 e5 2.Nf3 Nc6 3.Bb5 Nf6 4.O-O Nxe4 5.Re1 Nd6 6.Nxe5 Be7 7.Bf1 Nxe5 8.
Rxe5 O-O 9.Nc3 Ne8 10.d4 Bf6 11.Re1 d5 12.Ne2 c6 13.Ng3 g6 14.c3 h5 15.Bd3
Ng7 16.h3 Be6 17.Bf4 Re8 18.Qd2 Qd7 19.Be5 Bxe5 20.Rxe5 h4 21.Nf1 f6 22.
Rxe6 Nxe6 23.Bxg6 Red8 24.Ne3 Qc7 25.Ng4 Qg7 26.Bf5 Re8 27.f4 Kf7 28.Qf2 
Qh8 29.Qc2 Qh5 30.Rf1 Re7 31.Qb3 Rae8 32.Qa3 Kg7 33.Bd3 Qf7 34.Qxa7 Nf8 
35.Qc5 Re1 36.Qd6 R8e6 37.Qb8 Re8 38.Qd6 R8e6 39.Qb8 Re8 40.Qd6 Qe6 
1/2-1/2

[Event "53rd World U20 ch"]
[Site "Pune IND"]
[Date "2014.10.08"]
[Round "3.16"]
[White "Harsha, Bharathakoti"]
[Black "Bajarani, Ulvi"]
[Result "1/2-1/2"]
[WhiteElo "2296"]
[BlackElo "2496"]
[EventDate "2014.10.06"]
[PlyCount "94"]

1.d4 d5 2.c4 c6 3.Nc3 Nf6 4.cxd5 cxd5 5.Bf4 Nc6 6.e3 Bf5 7.Qb3 Na5 8.Qa4+ 
Bd7 9.Qc2 e6 10.Nf3 Nh5 11.Be5 f6 12.Bg3 Be7 13.Bd3 f5 14.O-O Rc8 15.Ne5 
O-O 16.Qe2 Be8 17.Rac1 a6 18.Nb1 Nxg3 19.hxg3 Nc6 20.Nxc6 Bxc6 21.Nd2 Qb6 
22.Nf3 Bf6 23.Rc2 Ba4 24.b3 Bd7 25.Rfc1 Rxc2 26.Qxc2 Rc8 27.Qd2 Rc7 28.
Rxc7 Qxc7 29.Qc2 Qd6 30.Qc3 Qc6 31.Qxc6 Bxc6 32.Kf1 Be8 33.Ke2 Kf8 34.Kd2 
Ke7 35.Ne5 Kd6 36.f4 Bh5 37.g4 Bxg4 38.Nxg4 fxg4 39.Bxh7 g5 40.g3 gxf4 41.
gxf4 Bd8 42.Bd3 Ba5+ 43.Kd1 g3 44.Bf1 Bb4 45.a4 Ba3 46.Bh3 b6 47.Bf1 b5 
1/2-1/2

[Event "53rd World U20 ch"]
[Site "Pune IND"]
[Date "2014.10.08"]
[Round "3.17"]
[White "Aravindh, Chithambaram"]
[Black "Ajay Krishna, S"]
[Result "1-0"]
[WhiteElo "2475"]
[BlackElo "2072"]
[EventDate "2014.10.06"]
[PlyCount "103"]

1.e4 c5 2.b3 Nc6 3.Bb2 d6 4.f4 Nf6 5.Nc3 g6 6.Bb5 Bd7 7.Nf3 Bg7 8.e5 Nh5 
9.exd6 exd6 10.Qe2+ Qe7 11.Qxe7+ Nxe7 12.Bxd7+ Kxd7 13.g3 Nc6 14.O-O-O Nd4
15.Nxd4 Bxd4 16.Nd5 Bxb2+ 17.Kxb2 Kc6 18.Ne7+ Kd7 19.Nd5 Kc6 20.c4 b5 21.
Rhe1 Rhe8 22.Re7 Rxe7 23.Nxe7+ Kd7 24.Nd5 bxc4 25.bxc4 Rb8+ 26.Kc3 Rb7 27.
Re1 Kd8 28.g4 Ng7 29.Nf6 Re7 30.Rb1 Kc8 31.Nxh7 Re2 32.Ng5 f5 33.h3 Rf2 
34.Nf7 Kc7 35.Re1 Kd7 36.Nh8 Rxf4 37.Nxg6 Rf3+ 38.Re3 fxg4 39.hxg4 Rf7 40.
Nh4 Kc6 41.Rf3 Rb7 42.Rf6 Rb1 43.Rg6 Ne8 44.Nf5 Rc1+ 45.Kd3 a5 46.g5 Rf1 
47.Ne7+ Kd7 48.Nd5 Rg1 49.Rg8 Rg3+ 50.Ke4 Rg2 51.Ke3 Rg4 52.Rxe8 1-0

[Event "53rd World U20 ch"]
[Site "Pune IND"]
[Date "2014.10.08"]
[Round "3.18"]
[White "Tari, Aryan"]
[Black "Patil, Pratik"]
[Result "1-0"]
[WhiteElo "2450"]
[BlackElo "2231"]
[EventDate "2014.10.06"]
[PlyCount "53"]

1.c4 Nf6 2.Nc3 d5 3.cxd5 Nxd5 4.g3 g6 5.Bg2 Nb6 6.d3 Bg7 7.Be3 O-O 8.Qd2 
Nc6 9.Bxc6 bxc6 10.Bh6 c5 11.Bxg7 Kxg7 12.Nf3 Bb7 13.Qe3 c4 14.Rd1 Qd6 15.
O-O Qf6 16.Ne5 cxd3 17.Rxd3 Rad8 18.Rfd1 Rd6 19.Qc5 Ba6 20.R3d2 Qe6 21.Nf3
Rfd8 22.Nd4 Qc4 23.Qe5+ Kg8 24.Qxe7 Nd5 25.Nxd5 Rxd5 26.Ne6 Rxd2 27.Qxd8+ 
1-0

[Event "53rd World U20 ch"]
[Site "Pune IND"]
[Date "2014.10.08"]
[Round "3.19"]
[White "Mithil, Ajgaonkar"]
[Black "Narayanan, Srinath"]
[Result "0-1"]
[WhiteElo "2258"]
[BlackElo "2443"]
[EventDate "2014.10.06"]
[PlyCount "132"]

1.d4 Nf6 2.Nf3 e6 3.c4 c5 4.e3 cxd4 5.exd4 b6 6.Nc3 Bb7 7.Be2 Be7 8.O-O 
O-O 9.Bg5 h6 10.Be3 d5 11.Ne5 dxc4 12.Bxc4 Nc6 13.Rc1 Rc8 14.Be2 Nb4 15.
Bf3 Nbd5 16.Qa4 a6 17.Nxd5 Nxd5 18.Qd7 Rb8 19.Bxd5 Bxd5 20.Rc7 Bd6 21.Ra7 
Bxe5 22.Qxd8 Bxh2+ 23.Kxh2 Rfxd8 24.Rc1 Ra8 25.Rxa8 Rxa8 26.a3 a5 27.Bf4 
a4 28.Rc3 Kh7 29.Be5 b5 30.Rc7 Kg6 31.Rc3 f6 32.Bd6 Rd8 33.Bc5 Bc4 34.Kg3 
Kf7 35.Rc2 Rd5 36.f3 h5 37.Kf2 h4 38.Rd2 Rh5 39.Bb4 Bd5 40.Rd3 g5 41.Rd1 
Rh8 42.Bc5 g4 43.Rh1 Kg6 44.Be7 Kg5 45.Bd6 Rc8 46.Bc5 e5 47.Ke3 Bb7 48.Rf1
Re8 49.fxg4 exd4+ 50.Kxd4 Bxg2 51.Rf5+ Kg6 52.Bd6 Re4+ 53.Kc3 Rc4+ 54.Kd2 
Rd4+ 55.Ke3 Rxd6 56.Rxb5 h3 57.Kf2 Rd2+ 58.Ke3 Rd5 59.Rxd5 Bxd5 60.b3 axb3
61.a4 b2 62.a5 b1=Q 63.a6 h2 64.a7 h1=Q 65.a8=Q Qhe4+ 66.Kd2 Qee1# 0-1

[Event "53rd World U20 ch"]
[Site "Pune IND"]
[Date "2014.10.08"]
[Round "3.20"]
[White "Anurag, Mhamal"]
[Black "Ganesh, R."]
[Result "0-1"]
[WhiteElo "2442"]
[BlackElo "2030"]
[EventDate "2014.10.06"]
[PlyCount "84"]

1.c4 Nf6 2.g3 c6 3.Nf3 d5 4.Qc2 g6 5.b3 Bg7 6.Bb2 a5 7.Bg2 Na6 8.O-O O-O 
9.Be5 a4 10.bxa4 dxc4 11.Qxc4 Qa5 12.Rc1 Nb4 13.Bc3 Nfd5 14.Bxg7 Kxg7 15.
e4 Nb6 16.Qc3+ Kg8 17.a3 Qxa4 18.Qe3 Qa7 19.d4 Na6 20.Qh6 f6 21.Nbd2 Be6 
22.h4 Rf7 23.h5 Rg7 24.hxg6 hxg6 25.Bh3 Bxh3 26.Qxh3 Kf7 27.Rab1 Rd8 28.
Rb3 Nd7 29.Kg2 Nf8 30.Nc4 Nc7 31.d5 Nb5 32.dxc6 bxc6 33.Nce5+ fxe5 34.
Nxe5+ Kg8 35.Nxc6 Qa4 36.Rb4 Qxa3 37.Rc5 Rd2 38.Rcxb5 Qa2 39.Rb7 Rxf2+ 40.
Kg1 Rd2 41.Qf1 Qa3 42.Qe1 Qc3 0-1

[Event "53rd World U20 ch"]
[Site "Pune IND"]
[Date "2014.10.08"]
[Round "3.21"]
[White "Sai Vishwesh, Chandrakaladaran"]
[Black "Kriebel, Tadeas"]
[Result "1/2-1/2"]
[WhiteElo "2151"]
[BlackElo "2428"]
[EventDate "2014.10.06"]
[PlyCount "132"]

1.e4 e5 2.Nf3 Nc6 3.Bb5 a6 4.Ba4 Nf6 5.O-O b5 6.Bb3 Bb7 7.Re1 Bc5 8.c3 d6 
9.d4 Bb6 10.Bc2 O-O 11.Bg5 h6 12.Bh4 Re8 13.dxe5 Nxe5 14.Nxe5 dxe5 15.Qe2 
g5 16.Bg3 Nd7 17.Nd2 Qf6 18.Nf1 Qg6 19.h3 Nf6 20.Kh1 Nh5 21.Rad1 Nf4 22.
Qf3 f5 23.Rd2 g4 24.hxg4 fxg4 25.Qd1 Qg5 26.Ne3 Rad8 27.Rxd8 Rxd8 28.Qxg4 
Bxe3 29.Qxg5+ hxg5 30.fxe3 Nd3 31.Re2 Bxe4 32.Bxe5 Nxe5 33.Bxe4 Ng4 34.Bc2
Kf7 35.Kg1 Ke6 36.g3 Ke5 37.Kg2 Rf8 38.Bg6 c5 39.Bd3 c4 40.Bc2 Rf6 41.Bb1 
Rh6 42.Bc2 Rh8 43.a4 bxa4 44.Bxa4 Nf6 45.Bc2 Rb8 46.Bg6 Ne4 47.Bf7 Nd6 48.
Bg6 Ne4 49.Bf7 Rc8 50.Bg6 g4 51.Bf7 Rc7 52.Be8 Nf6 53.Bg6 Rg7 54.Bc2 Ne4 
55.b3 cxb3 56.Bxb3 Rc7 57.Ra2 Rxc3 58.Ra5+ Nc5 59.Bd1 Kf5 60.Kf2 Ke4 61.
Bxg4 Rc2+ 62.Be2 Nd3+ 63.Kf1 Rc1+ 64.Kg2 Rc2 65.Kf1 Rc1+ 66.Kg2 Rc2 
1/2-1/2

[Event "53rd World U20 ch"]
[Site "Pune IND"]
[Date "2014.10.08"]
[Round "3.22"]
[White "Ben Artzi, Ido"]
[Black "Swain, Ashirwad"]
[Result "1/2-1/2"]
[WhiteElo "2423"]
[BlackElo "1998"]
[EventDate "2014.10.06"]
[PlyCount "92"]

1.d4 Nf6 2.c4 e5 3.dxe5 Ng4 4.e3 Nxe5 5.Nh3 Bb4+ 6.Bd2 Bxd2+ 7.Qxd2 O-O 8.
Nf4 d6 9.Nc3 Nbc6 10.Be2 Be6 11.Nxe6 fxe6 12.f4 Ng4 13.g3 Nf6 14.O-O-O e5 
15.g4 exf4 16.exf4 Kh8 17.g5 Nd7 18.h4 Nc5 19.h5 Ne6 20.Rdf1 Ncd4 21.Bg4 
c5 22.Ne4 d5 23.Nxc5 Nxc5 24.Qxd4 Qb6 25.Rd1 Ne4 26.Rhf1 Qc7 27.h6 Qxc4+ 
28.Qxc4 dxc4 29.hxg7+ Kxg7 30.Rd7+ Rf7 31.Rxf7+ Kxf7 32.Rh1 Rh8 33.Rh6 Kg7
34.Bh5 Rf8 35.Re6 Rxf4 36.Re7+ Kh8 37.Re8+ Kg7 38.Re7+ Kh8 39.Rxb7 Rf1+ 
40.Kc2 Rf2+ 41.Kd1 c3 42.Rb8+ Kg7 43.Rb7+ Kh8 44.Rb8+ Kg7 45.Rb7+ Kh8 46.
Rb8+ Kg7 1/2-1/2

[Event "53rd World U20 ch"]
[Site "Pune IND"]
[Date "2014.10.08"]
[Round "3.23"]
[White "Nihal, Sarin"]
[Black "Csonka, Balazs"]
[Result "1/2-1/2"]
[WhiteElo "2018"]
[BlackElo "2412"]
[EventDate "2014.10.06"]
[PlyCount "87"]

1.d4 Nf6 2.c4 g6 3.Nc3 d5 4.cxd5 Nxd5 5.e4 Nxc3 6.bxc3 Bg7 7.Bc4 c5 8.Ne2 
Nc6 9.Be3 O-O 10.O-O Qc7 11.Rc1 b6 12.Qd2 Bb7 13.Ng3 Rad8 14.d5 e6 15.Qe2 
Na5 16.dxe6 Nxc4 17.Qxc4 fxe6 18.Qxe6+ Qf7 19.Qxf7+ Rxf7 20.Rfd1 Rfd7 21.
Rxd7 Rxd7 22.h4 Rd3 23.Ne2 Bxe4 24.a4 Bf5 25.a5 Bg4 26.Nf4 Rxc3 27.Rxc3 
Bxc3 28.axb6 axb6 29.Nd5 Bg7 30.Nxb6 Bf8 31.f3 Be6 32.Na4 c4 33.Bd4 Bb4 
34.Kf2 c3 35.Nxc3 Bxc3 36.Bxc3 h5 37.Ke3 Kf7 38.Kf4 Bc4 39.g4 hxg4 40.fxg4
Be2 41.Kg5 Bd1 42.h5 gxh5 43.gxh5 Bxh5 44.Kxh5 1/2-1/2

[Event "53rd World U20 ch"]
[Site "Pune IND"]
[Date "2014.10.08"]
[Round "3.24"]
[White "Bok, Benjamin"]
[Black "Taalaibekov, Tagir"]
[Result "1-0"]
[WhiteElo "2591"]
[BlackElo "1948"]
[EventDate "2014.10.06"]
[PlyCount "43"]

1.e4 c5 2.Nf3 e6 3.g3 d5 4.exd5 exd5 5.d4 Nf6 6.Bg2 Be7 7.O-O O-O 8.Be3 
Ne4 9.dxc5 Nxc5 10.Nc3 Be6 11.Ne1 d4 12.Qxd4 Nc6 13.Qxd8 Rfxd8 14.Nf3 Nb4 
15.Nd4 Bc4 16.Rfd1 Bf6 17.a3 Nd5 18.Bxd5 Bxd5 19.Nde2 Bf3 20.Rxd8+ Rxd8 
21.Bxc5 Rd2 22.Re1 1-0

[Event "53rd World U20 ch"]
[Site "Pune IND"]
[Date "2014.10.08"]
[Round "3.25"]
[White "Indic, Aleksandar"]
[Black "Chakravarthi Reddy, M."]
[Result "1/2-1/2"]
[WhiteElo "2554"]
[BlackElo "2217"]
[EventDate "2014.10.06"]
[PlyCount "43"]

1.d4 d5 2.c4 c6 3.Nf3 Nf6 4.Nc3 a6 5.c5 Nbd7 6.Bf4 Nh5 7.Bd2 g6 8.Qc2 Bg7 
9.e4 dxe4 10.Nxe4 Ndf6 11.Nxf6+ Nxf6 12.Bc4 O-O 13.O-O Bg4 14.Ne5 Qxd4 15.
Bc3 Qf4 16.g3 Qf5 17.Qb3 Nd7 18.Bd3 Qe6 19.Bc4 Qf5 20.Bd3 Qe6 21.Bc4 Qf5 
22.Bd3 1/2-1/2

[Event "53rd World U20 ch"]
[Site "Pune IND"]
[Date "2014.10.08"]
[Round "3.26"]
[White "Karthikeyan, Murali"]
[Black "Ronka, Erik"]
[Result "1-0"]
[WhiteElo "2495"]
[BlackElo "2183"]
[EventDate "2014.10.06"]
[PlyCount "101"]

1.e4 c6 2.d4 d5 3.Nd2 dxe4 4.Nxe4 Bf5 5.Ng3 Bg6 6.Nf3 Nd7 7.h4 h6 8.h5 Bh7
9.Bd3 Bxd3 10.Qxd3 e6 11.Bf4 Qa5+ 12.Bd2 Bb4 13.Ne4 Ngf6 14.Nd6+ Ke7 15.
Nc4 Bxd2+ 16.Nfxd2 Qc7 17.O-O-O Rhd8 18.Qa3+ c5 19.Nb3 b6 20.dxc5 Nxc5 21.
Nxc5 Qxc5 22.Qxc5+ bxc5 23.Ne5 Rd5 24.f4 Nd7 25.Nf3 Nf6 26.Ne5 Nd7 27.Ng4 
Nf6 28.Rxd5 Nxd5 29.g3 f6 30.Nf2 Rg8 31.c4 Ne3 32.b3 Nf5 33.Ne4 g5 34.hxg6
Rxg6 35.Rh3 Nd4 36.Kd1 Nf3 37.Nxc5 Ng1 38.Rh1 Rxg3 39.Rxh6 Rf3 40.Rh7+ Kd6
41.Ne4+ Kc6 42.Rxa7 Rxf4 43.Ra6+ Kc7 44.Rxe6 f5 45.Nc3 Rf2 46.c5 f4 47.c6 
Rf1+ 48.Kc2 f3 49.Nd5+ Kd8 50.c7+ Kd7 51.Re7+ 1-0

[Event "53rd World U20 ch"]
[Site "Pune IND"]
[Date "2014.10.08"]
[Round "3.27"]
[White "Rindlisbacher, Jan"]
[Black "Westerberg, Jonathan"]
[Result "1/2-1/2"]
[WhiteElo "2217"]
[BlackElo "2420"]
[EventDate "2014.10.06"]
[PlyCount "198"]

1.d4 d5 2.c4 dxc4 3.Nf3 Nf6 4.e3 b5 5.a4 b4 6.Bxc4 e6 7.Nbd2 Bb7 8.O-O Be7
9.Qe2 O-O 10.Nb3 a5 11.Bd3 c5 12.Rd1 Nbd7 13.Nxc5 Bxc5 14.dxc5 Qc7 15.e4 
Nxc5 16.e5 Bxf3 17.Qxf3 Qxe5 18.Bf4 Qh5 19.Be2 Qxf3 20.Bxf3 Rac8 21.Bd6 
Rfe8 22.Bxc5 Rxc5 23.Rac1 Rcc8 24.g4 Kf8 25.Rxc8 Rxc8 26.g5 Ne8 27.Rd7 Rc7
28.Rd8 Ke7 29.Ra8 Rc5 30.h4 h6 31.gxh6 gxh6 32.Ra7+ Kf6 33.Be2 Nd6 34.Kg2 
Rc2 35.Bf3 Nf5 36.Rxa5 Nxh4+ 37.Kg3 Nxf3 38.Kxf3 Rxb2 39.Rb5 b3 40.a5 Ra2 
41.Rxb3 Rxa5 42.Rb4 Rg5 43.Kf4 h5 44.Kf3 Rd5 45.Kg3 Kg5 46.Rb7 h4+ 47.Kg2 
Rf5 48.Rb8 Rf6 49.Rb5+ Kg4 50.Rb4+ Rf4 51.f3+ Kg5 52.Rb5+ Kg6 53.Rb8 Kg7 
54.Rb7 h3+ 55.Kg3 Rf6 56.Rb2 Rh6 57.Rh2 Kf6 58.Kg4 Rg6+ 59.Kf4 e5+ 60.Ke3 
Rh6 61.f4 Kf5 62.fxe5 Kg4 63.Rh1 h2 64.Kf2 Rh5 65.Kg2 Rxe5 66.Ra1 Rh5 67.
Ra4+ Kg5 68.Kh1 f5 69.Rb4 Rh8 70.Ra4 f4 71.Rb4 Kg4 72.Rb3 Re8 73.Kxh2 Re3 
74.Rb2 Kf3 75.Kh3 Ra3 76.Kh2 Rd3 77.Ra2 Rd8 78.Kg1 Rd1+ 79.Kh2 Re1 80.Ra4 
Re4 81.Ra3+ Kf2 82.Ra2+ Re2 83.Ra3 Kf1+ 84.Kh1 Re3 85.Ra1+ Kf2 86.Kh2 f3 
87.Kh3 Rd3 88.Rb1 Rd8 89.Rb2+ Ke3 90.Rb3+ Rd3 91.Rb8 Ke2 92.Rb1 Rd1 93.
Rb2+ Ke3 94.Rb3+ Ke4 95.Kg3 Rg1+ 96.Kf2 Rg2+ 97.Kf1 Kf4 98.Rb8 Rg5 99.Kf2 
Ke5 1/2-1/2

[Event "53rd World U20 ch"]
[Site "Pune IND"]
[Date "2014.10.08"]
[Round "3.28"]
[White "Ritviz, Parab"]
[Black "Ider, Borya"]
[Result "1-0"]
[WhiteElo "2205"]
[BlackElo "2394"]
[EventDate "2014.10.06"]
[PlyCount "69"]

1.e4 e6 2.d4 d5 3.Bd3 dxe4 4.Bxe4 Nf6 5.Bf3 c5 6.Ne2 Nc6 7.Be3 Nd5 8.Nbc3 
Nxe3 9.fxe3 Be7 10.O-O O-O 11.a3 cxd4 12.exd4 Qb6 13.b4 Bd7 14.Kh1 Rad8 
15.Na4 Qc7 16.Nb2 Bc8 17.c3 Ne5 18.Nd3 Ng6 19.Be4 b6 20.Qb3 Bd6 21.Bxg6 
hxg6 22.Nef4 g5 23.Nh3 g4 24.Nhf4 Qe7 25.Rae1 Qh4 26.Ne5 g5 27.g3 Bb7+ 28.
Kg1 Qh8 29.Nxe6 Qh3 30.Rf2 fxe6 31.Qxe6+ Kh8 32.Ng6+ Kg7 33.Nxf8 Rxf8 34.
Qd7+ Kg8 35.Rxf8+ 1-0